UBT Library

Regulation and stability in the Banking System : (Record no. 271)

000 -LEADER
fixed length control field 00560nam a22001817a 4500
008 - FIXED-LENGTH DATA ELEMENTS--GENERAL INFORMATION
fixed length control field 131111b xxu||||| |||| 00| 0 ger d
020 ## - INTERNATIONAL STANDARD BOOK NUMBER
International Standard Book Number 3854284055
041 0# - LANGUAGE CODE
Language code of text/sound track or separate title ger
080 ## - UNIVERSAL DECIMAL CLASSIFICATION NUMBER
Universal Decimal Classification number 336.713
100 1# - Rafti
Rafti Schäfer, Guido
245 10 - TITLE STATEMENT
Title Regulation and stability in the Banking System :
Statement of responsibility, etc Guido Schäfer
260 ## -
-- Wien :
-- Service fachverlag ;
-- 1999.
300 ## -
-- 115 f. ;
-- 24 cm.
505 ## -
-- Reference : f. 111 - 115
650 #0 -
-- Bankat dhe veprimtaria bankare ndërkombëtare
650 #0 -
-- Financa
942 ## - ADDED ENTRY ELEMENTS (KOHA)
Source of classification or shelving scheme
Item type Books
Holdings
Withdrawn status Lost status Source of classification or shelving scheme Damaged status Not for loan Collection code Permanent location Current location Shelving location Date acquired Total Checkouts Full call number Barcode Date last seen Koha item type
          Koleksioni i përgjithshem UBT - Prishtine UBT - Prishtine Koleksioni i përgjithshem 11/11/2013   336.713 SCHA 001-000321 11/11/2013 Books
          Koleksioni i përgjithshem UBT - Prishtine UBT - Prishtine Koleksioni i përgjithshem 11/11/2013   336.713 SCHA 001-000322 11/11/2013 Books
          Koleksioni i përgjithshem UBT - Prishtine UBT - Prishtine Koleksioni i përgjithshem 11/11/2013   336.713 SCHA 001-000323 11/11/2013 Books
          Koleksioni i përgjithshem UBT - Prishtine UBT - Prishtine Koleksioni i përgjithshem 11/11/2013   336.713 SCHA 001-000324 11/11/2013 Books
UBT Library © 2015-2024. All rights reserved University Education for Business and Technology